Normal view
MARC view
- IT FOR PARENTS
Entry Topical Term
001 - CONTROL NUMBER
- control field: 79996
003 - CONTROL NUMBER IDENTIFIER
- control field: NUST
005 - DATE AND TIME OF LATEST TRANSACTION
- control field: 20210628210553.0
008 - FIXED-LENGTH DATA ELEMENTS
- fixed length control field: 210628|| aca||aabn | a|a d
040 ## - CATALOGING SOURCE
- Original cataloging agency: NUST
- Transcribing agency: NUST
150 ## - HEADING--TOPICAL TERM
- Topical term or geographic name entry element: IT FOR PARENTS
670 ## - SOURCE DATA FOUND
- Source citation: Work cat.: (NUST): Adrian Russell, Rosemary 79995, Information technology for parents how to help your child in the technical revolution, 1966
